Účinok novosyntetizovaných Ag-komplexov s N-heterocyklami na leukemické bunky

Na minha lista:
Detalhes bibliográficos
Autor principal: Klementisová, Simona (Author)
Outros Autores: Lakatoš, Boris (Thesis advisor)
Formato: Manuscrito Livro
Idioma:eslovaco
Publicado em: 2018
Assuntos:
Acesso em linha:http://is.stuba.sk/zp/portal_zp.pl?podrobnosti=125714
Tags: Adicionar Tag
Sem tags, seja o primeiro a adicionar uma tag!

MARC

LEADER 00000ntm a22000003a 4500
001 stuzp69958
003 SK-STU
005 20180623211235.5
007 ta
008 150427s2015----xo-----f-mn---000-0-slo-d
040 |a STU  |b slo 
041 0 |a slo 
100 1 |a Klementisová, Simona  |u 043000  |4 aut  |U FCHPT Fakulta chemickej a potravinárskej technológie  |T FCHPT Ústav biochémie a mikrobiológie  |X 81522  |U C3000  |Y 101  |7 81522 
242 0 1 |a Effect of Newly Synthesized Silver Complexes with N-heterocycles on Leukemic Cells  |y eng 
245 1 0 |a Účinok novosyntetizovaných Ag-komplexov s N-heterocyklami na leukemické bunky 
260 |c 2018 
650 4 |a strieborné komplexy  |2 slo 
650 4 |a cytotoxicita  |2 slo 
650 4 |a leukémia  |2 slo 
650 4 |a Ag2PSA  |2 slo 
650 4 |a silver complexes  |2 eng 
650 4 |a cytotoxicity  |2 eng 
650 4 |a leukaemia  |2 eng 
650 4 |a Ag2PSA  |2 eng 
700 1 |a Lakatoš, Boris  |u 043000  |k Z1  |4 ths  |U FCHPT Fakulta chemickej a potravinárskej technológie  |T FCHPT Ústav biochémie a mikrobiológie  |X 4011  |U C3000  |Y 101  |7 A000004011 
856 4 |u http://is.stuba.sk/zp/portal_zp.pl?podrobnosti=125714